Sports Quiz

Random Sports or World Quiz

Sporting Traditions Around the World Quiz Stats

 Plays Quiz Updated Mar 10, 2019

Score 0/12 Timer 06:00
4 Plays Today
% Correct
Japanese
92.3%
Mexican
87.2%
South African
83%
Turkish
82.9%
Colombian
81.6%
Romanian
80.1%
Argentinian
78.3%
South-East Asian
78%
Malagasy
77.6%
Samoan
74.5%
Indian
72.2%
New Zealand
48.5%

You're not logged in!

Compare scores with friends on all Sporcle quizzes.
OR
Log In

Sporcle TV

Today on Sporcle TV


Watch our educational content, quiz creation guides, and fun videos on Sporcle TV.

Show Comments

Extras

Top Quizzes Today


Score Distribution

Your Account Isn't Verified!

In order to create a playlist on Sporcle, you need to verify the email address you used during registration. Go to your Sporcle Settings to finish the process.

Report this User

Report this user for behavior that violates our Community Guidelines.

Details: